UM Logo

Snapdragon 820: (Record no. 13131)

MARC details
000 -LEADER
fixed length control field 00437nam a2200121 4500
008 - FIXED-LENGTH DATA ELEMENTS--GENERAL INFORMATION
fixed length control field 190207b ||||| |||| 00| 0 eng d
082 ## - DEWEY DECIMAL CLASSIFICATION NUMBER
Classification number DPer 303.405 H22 June -Sept 2016 v.12 n. 7-10
245 ## - TITLE STATEMENT
Title Snapdragon 820:
Remainder of title what's new in qualcomm's flagship soc
260 ## - PUBLICATION, DISTRIBUTION, ETC. (IMPRINT)
Place of publication, distribution, etc. Quezon City:
Name of publisher, distributor, etc. Hardware Zone Phils. Corp.,
Date of publication, distribution, etc. June -Sept 2016.
300 ## - PHYSICAL DESCRIPTION
Extent v12 n7, page 88-89:
Other physical details illustrations;
Dimensions 28 cm.
650 ## - SUBJECT ADDED ENTRY--TOPICAL TERM
Topical term or geographic name as entry element Technology
9 (RLIN) 36760
942 ## - ADDED ENTRY ELEMENTS (KOHA)
Source of classification or shelving scheme Dewey Decimal Classification
Koha item type Periodicals
Holdings
Withdrawn status Lost status Source of classification or shelving scheme Damaged status Not for loan Collection code Home library Current library Date acquired Total Checkouts Full call number Date last seen Price effective from Koha item type
    Dewey Decimal Classification     Periodicals UM Digos College - LIC UM Digos College - LIC 02/07/2019   DPer 303.405 H22 June -Sept 2016 v.12 n. 7-10 02/07/2019 02/07/2019 Periodicals